Obras completas. (Record no. 125524)
[ view plain ]
| 000 -LEADER | |
|---|---|
| campo de control de longitud fija | 01374nam a2200241 i 4500 |
| 001 - NÚMERO DE CONTROL | |
| campo de control | 125524 |
| 003 - IDENTIFICADOR DE NÚMERO DE CONTROL | |
| campo de control | ES-MaACL |
| 005 - FECHA Y HORA DE LA ÚLTIMA TRANSACCIÓN | |
| campo de control | 20231227160946.0 |
| 007 - CAMPO FIJO DE DESCRIPCIÓN FÍSICA--INFORMACIÓN GENERAL | |
| campo de control de longitud fija | t| |
| 008 - DATOS DE LONGITUD FIJA--INFORMACIÓN GENERAL | |
| campo de control de longitud fija | 070615s1962 sp f |||| | spa d |
| 080 ## - NÚMERO DE LA CLASIFICACIÓN DECIMAL UNIVERSAL | |
| Número de la Clasificación Decimal Universal | 821.134.2-23"19" |
| 100 1# - ENTRADA PRINCIPAL--NOMBRE DE PERSONA | |
| Nombre de persona | Benavente, Jacinto, |
| Fechas asociadas al nombre | 1866-1954 |
| 9 (RLIN) | 27443 |
| 245 10 - MENCIÓN DEL TÍTULO | |
| Título | Obras completas. |
| Número de parte o sección de la obra | IV / |
| Mención de responsabilidad, etc. | Jacinto Benavente. |
| 246 34 - FORMA VARIANTE DEL TITULO | |
| Título propio/Titulo breve | El mal que nos hacen y 24 comedias más |
| 250 ## - MENCION DE EDICION | |
| Mención de edición | 5ª ed. |
| 260 ## - PUBLICACIÓN, DISTRIBUCIÓN, ETC. | |
| Lugar de publicación, distribución, etc. | Madrid : |
| Nombre del editor, distribuidor, etc. | Aguilar, |
| Fecha de publicación, distribución, etc. | 1962. |
| 300 ## - DESCRIPCIÓN FÍSICA | |
| Extensión | 1 v. (1184 p.) : |
| Otras características físicas | 1 retr. ; |
| Dimensiones | 13 cm. |
| 505 8# - NOTA DE CONTENIDO CON FORMATO | |
| Nota de contenido con formato | Contiene: IV. El mal que nos hacen ; Los cachorros ; El rey Lear ; Caridad ; Mefistófela ; La Inmaculada de los Dolores ; La ley de los hijos ; Por ser con todos leal, ser para todos traidor ; La vestal de Occidente ; La honra de los hombres ; La Cenicienta ; Y va de cuento ; Una señora ; Una pobre mujer ; Más allá de la muerte ; Por qué se quitó Juan de la bebida ; Lecciones de buen amor ; Un par de botas ; Alfilerazos ; La otra honra ; La virtud sospechosa ; Nadie sabe lo que quiere, o El bailarín y el trabajador ; ¡Si creerás tú que es por mi gusto ! ; Los nuevos yernos ; El suicidio de Lucerito. |
| 586 ## - NOTA DE PREMIOS | |
| Nota de premios | Premio Nobel de Literatura 1922 |
| 599 ## - NOTA A LAS ILUSTRACIONES | |
| NOTA A LAS ILUSTRACIONES | Retr.: Fot. de Rosario Pino, actriz. |
| 852 ## - LOCALIZACIÓN | |
| Ubicación | ES-MaACL |
| Número de control de estantería | E-11697 |
| Nota libre | - Biblioteca Jacinto Martínez Lacalle |
| Estatus retirado | Estado de pérdida | Estado de daño | No para préstamo | Biblioteca de origen | Biblioteca actual | Ubicación en estantería | Fecha de adquisición | Fuente de adquisición | Total de préstamos | Signatura topográfica completa | Código de barras | Visto por última vez | Precio de reemplazo | Tipo de ítem Koha |
|---|---|---|---|---|---|---|---|---|---|---|---|---|---|---|
| Biblioteca del Ateneo de Madrid | Biblioteca del Ateneo de Madrid | Depósito 2 | 17/01/2008 | E-11697 | 1130763 | 23/02/2023 | 23/02/2023 | Libro impreso |
